Case in point (Record no. 108953)

MARC details
000 -LEADER
fixed length control field 01543cam a22002895a 4500
001 - CONTROL NUMBER
control field L145864
008 - FIXED-LENGTH DATA ELEMENTS--GENERAL INFORMATION
fixed length control field 081117s2008 xxk f v 001 0 eng d
020 ## - INTERNATIONAL STANDARD BOOK NUMBER
International Standard Book Number 9781842194331
035 ## - SYSTEM CONTROL NUMBER
System control number (Sirsi) u145864
041 0# - LANGUAGE CODE
Language code of text/sound track or separate title eng
050 04 - LIBRARY OF CONGRESS CALL NUMBER
Classification number 692.8 $2 18
100 1# - MAIN ENTRY--PERSONAL NAME
Personal name Baker, Ellis
245 00 - TITLE STATEMENT
Title Case in point
Remainder of title tendering and procurement in construction
260 ## - PUBLICATION, DISTRIBUTION, ETC.
Place of publication, distribution, etc. Coventry
Name of publisher, distributor, etc. RICS Books
Date of publication, distribution, etc. 2008
300 ## - PHYSICAL DESCRIPTION
Extent xx, 164 p.
Other physical details 21 cm.
350 ## - PRICE (NR) (BK AM CF MU VM SE) [OBSOLETE]
Price 28.50
490 #0 - SERIES STATEMENT
Series statement RICS Case in Point Series
505 2# - FORMATTED CONTENTS NOTE
Formatted contents note Preface -- Introduction -- List of Acts, statutory instruments and abbreviations -- Table of cases -- 1: Preparation/contract planning -- 2:Tender process -- 3: Award of contract -- 4: Contents of contract -- 5: Collaborative working arrangements -- Index
520 ## - SUMMARY, ETC.
Summary, etc. Examines through cases the procurement and tendering process. Describes the issues rising from the different stages of tendering and procurement and provides advice on the best ways to avoid them. Presents the scope of the European union regime on procurement. Discusses the mutual obligations of the parties during the tendering process, including the tendering contract. Provides summaries of cases and helps to understand the decisions of the courts. Includes cases on two-stage tendering, target cost contracts, partnering, collaboration, target cost contracts, and issues of good faith.
521 ## - TARGET AUDIENCE NOTE
Target audience note Advanced
590 ## - LOCAL NOTE (RLIN)
Local note KA
651 #4 - SUBJECT ADDED ENTRY--GEOGRAPHIC NAME
Geographic name United Kingdom
Chronological subdivision
690 ## - LOCAL SUBJECT ADDED ENTRY--TOPICAL TERM (OCLC, RLIN)
Topical term or geographic name as entry element Procurement
9 (RLIN) 6260
700 ## - ADDED ENTRY--PERSONAL NAME
Personal name Champion, Ronan
942 ## - ADDED ENTRY ELEMENTS (KOHA)
Suppress in OPAC 0
Holdings
Withdrawn status Lost status Source of classification or shelving scheme Damaged status Not for loan Home library Current library Shelving location Date acquired Total Checkouts Full call number Barcode Date last seen Copy number Price effective from Koha item type Date last checked out
    Dewey Decimal Classification     London London Books 05/12/2008   692.8 BAK 30076297 06/08/2019 2 06/08/2019 Reference material  
    Dewey Decimal Classification     London London RICS Boxes 05/12/2008 9 692.8 BAK 30076299 06/08/2019 3 06/08/2019 Book 05/08/2009
    Dewey Decimal Classification     London London RICS Boxes 12/12/2008   RICS 2008/61 30076296 06/08/2019 1 06/08/2019 Archive